Sobre la libertad
Saved in:
| Main Author: | |
|---|---|
| Format: | Book |
| Language: | Spanish |
| Published: |
Madrid
SARPE
1984
|
| Edition: | 1a. ed |
| Series: | Los Grandes Pensadores, 26
|
| Subjects: | |
| Tags: |
Add Tag
No Tags, Be the first to tag this record!
|
MARC
| LEADER | 00000cam a2200000 a 4500 | ||
|---|---|---|---|
| 001 | UCE2250 | ||
| 003 | CL-VaPUC | ||
| 008 | 140619e19840000sp |||||||||||||||||spa|d | ||
| 020 | |a 844997285X | ||
| 082 | 0 | 4 | |a 323.44 |b MIL |2 21 |
| 100 | |a Mill, John Stuart |e autor |9 257759 | ||
| 245 | 1 | 0 | |a Sobre la libertad |
| 250 | |a 1a. ed | ||
| 300 | |a 170 p | ||
| 942 | |c BK | ||
| 945 | |d 20140619 13:53:00 |a dcastane | ||
| 260 | |a Madrid |b SARPE |c 1984 | ||
| 650 | 0 | |a Libertad |9 255686 | |
| 650 | 0 | |a Derechos humanos |9 223025 | |
| 650 | 0 | |a Derechos civiles |9 255655 | |
| 650 | 0 | |a Ciencias Políticas |9 255201 | |
| 583 | |a last modification |c 20140619 13:53:00 |k Rodrigo Vera | ||
| 490 | 0 | |a Los Grandes Pensadores, 26 | |
| 999 | |c 355899 |d 355897 | ||
| 952 | |0 0 |1 0 |3 erd |4 0 |6 323_440000000000000_MIL_1984 |7 0 |8 X |9 462841 |a FDOBUD |b FDOBUD |i 5042585 |o 323.44 MIL 1984 |p 5042585 |r 2019-11-23 |w 2019-11-23 |y BK_X |z Catalogado en:20140619 |k BUD | ||